Doctor at sea. (Record no. 219540)

000 -LEADER
fixed length control field 00691cam a2200229u 4500
001 - CONTROL NUMBER
control field 7449966
003 - CONTROL NUMBER IDENTIFIER
control field Nust
005 - DATE AND TIME OF LATEST TRANSACTION
control field 20170213162835.0
008 - FIXED-LENGTH DATA ELEMENTS--GENERAL INFORMATION
fixed length control field 820428s1954 nyu 000 0 eng
010 ## - LIBRARY OF CONGRESS CONTROL NUMBER
LC control number 54005249
020 ## - INTERNATIONAL STANDARD BOOK NUMBER
International Standard Book Number 9788129108692
040 ## - CATALOGING SOURCE
Original cataloging agency DLC
Transcribing agency CarP
Modifying agency DLC
050 00 - LIBRARY OF CONGRESS CALL NUMBER
Classification number PZ4.O85
Item number Do 2
Classification number PR6057.O714
082 ## - DEWEY DECIMAL CLASSIFICATION NUMBER
Classification number 823.91
Author Mark GOR
100 1# - MAIN ENTRY--PERSONAL NAME
Personal name Gordon, Richard,
Dates associated with a name 1921-
245 10 - TITLE STATEMENT
Title Doctor at sea.
260 ## - PUBLICATION, DISTRIBUTION, ETC.
Place of publication, distribution, etc. New York,
Name of publisher, distributor, etc. Harcourt, Brace
Date of publication, distribution, etc. 2010
300 ## - PHYSICAL DESCRIPTION
Extent 210 p.
Dimensions 22 cm.
650 #0 - SUBJECT ADDED ENTRY--TOPICAL TERM
Topical term or geographic name entry element Physicians
Form subdivision Fiction.
655 #7 - INDEX TERM--GENRE/FORM
Genre/form data or focus term Humorous fiction.
Source of term gsafd
655 #7 - INDEX TERM--GENRE/FORM
Genre/form data or focus term Sea stories.
Source of term gsafd
906 ## - LOCAL DATA ELEMENT F, LDF (RLIN)
a 0
b cbc
c premunv
d u
e ncip
f 19
g y-gencatlg
942 ## - ADDED ENTRY ELEMENTS (KOHA)
Source of classification or shelving scheme
Koha item type Book
Holdings
Withdrawn status Lost status Source of classification or shelving scheme Damaged status Not for loan Collection code Permanent Location Current Location Shelving location Date acquired Total Checkouts Full call number Barcode Date last seen Copy number Price effective from Koha item type
            Central Library (CL) Central Library (CL) Fiction 02/13/2017   823.91 GOR CL203 11/23/2023 1 02/13/2017 Book
© 2023 Central Library, National University of Sciences and Technology. All Rights Reserved.